• 首页
  • 本馆介绍
  • 公告通知
  • 最新文献
  • 馆藏检索
  • 电子资源
  • 读者导购
  • 参考咨询
  • 我的图书馆
  • 登录
  • 详细信息显示
  • 放入我的书架
  • 预约/预借图书
  • 作者相关作品
  • 分类相关作品
  • 丛书相关作品
  • 出版社相关作品

书目信息

  • 表格格式
  • 工作单格式
  • 卡片格式
题名:
妇女与人权
    
 
作者: 张晓玲 著
分册:  
出版信息: 北京   新华出版社  1998
页数: 225页
开本: 20cm
丛书名: 世界人权丛书
单 册:
中图分类: D440
科图分类: 33.503
主题词: 妇女-人权--研究 , 人权-妇女--研究
电子资源:
ISBN: 7-5011-4243-2
000 00685nam0 2200253 45
001 0197015719
005 20070725085212.50
010    @a7-5011-4243-2@dCNY17.00
100    @a19970623d1998 kemy0chiy0121 ea
101 0  @achi@eeng
102    @aCN@b110000
105    @ay z 000yy
200 10 @a妇女与人权@Afu nv yu ren quan@f张晓玲著@Fzhang xiao ling zhu
210    @a北京@c新华出版社@d1998
215    @a225页@d20cm
225 2  @a世界人权丛书
410  0 @12001 @a世界人权丛书
606    @a妇女-人权@x研究
606    @a人权-妇女@x研究
690    @aD440@v3
692    @a33.503
701  0 @a张晓玲@Azhang xiao ling@4著
801  0 @aCN@bTSSF@c20070725
905    @a10447@dD440@e17
    
    妇女与人权/张晓玲著.-北京:新华出版社,1998
    225页;20cm.-(世界人权丛书)
    
    
    ISBN 7-5011-4243-2:CNY17.00
    
●
相关链接 在E读中查询图书 在五车中查询图书 在当当中查询图书 在豆瓣中查询图书


正题名:妇女与人权     索取号:D440/17         预约/预借

序号 登录号 条形码 馆藏地/架位号 状态 备注
1 0769358   207693584   第一样本阅览室/ [索取号:D440/17] 在馆    
唐山师范学院图书馆 欢迎您!
大连网信软件有限公司© 版权所有